000 01012nam a2200301Ia 4500
001 17763
003 IT-RoPAU
008 130308s9999 xx 000 0 und d
040 _aIT-RoPAU
040 _cIT-RoPAU
041 _aFRANCESE
100 _aBersier J.-E.
100 _gCodice Aut. SPICS: 11651
245 _aGoya-Inventeur de la gravure moderne
245 _bEvolution des Formules de presentation de la Presse quotidienne (L')
250 _a1a ed.
260 _aFRANCE
260 _bEstienne
260 _c1956 [1° Ed.:1956 - Ed.Ling.Originale:1956]
300 _a"45 p. (prefazione: no ; testo: 45)"
500 _aGoya Inventore dell'incisione moderna Note biografiche di Goya pittore Incisore e Sua Tecnica Sue Opere Piu' Note Les Caprices Les Desastres De la Guerre Les Disparates la Tauromachie Litografie Passato e Presente
650 _aLINGUAGGIO DELLA STAMPA DI MASSA
650 _eCodice materia Spics: 6654
942 _cBK
957 _71
999 _c49706
_d49706
999 _bSI
999 _g1